[Event "9. LGA Premium Cup 2012"]
[Site "Nürnberg"]
[Date "2012.09.08"]
[Round "5.77"]
[White "Wiesgickl, Gerhard"]
[Black "Millikan, Erlend"]
[Result "0-1"]
[WhiteElo "2006"]
[BlackElo "1731"]
[PlyCount "69"]
[EventDate "2012.??.??"]
[WhiteTeam "SG Siemens Amberg"]
[BlackTeam "USA"]

1. Nf3 Nf6 2. b3 d5 3. Bb2 Bg4 4. e3 e6 5. Be2 Nbd7 6. O-O Bd6 7. d4 O-O 8.
Nbd2 c5 9. c4 Rc8 10. Rc1 cxd4 11. Nxd4 Bxe2 12. Qxe2 a6 13. a3 Ne5 14. e4 dxc4
15. Nxc4 Nxc4 16. bxc4 e5 17. Nf5 Bb8 18. f4 exf4 19. e5 Re8 20. Nxg7 Kxg7 21.
exf6+ Kh8 22. Qc2 Rg8 23. Rf3 Qd7 24. Kh1 Rg6 25. Rd1 Qc6 26. Rfd3 Rcg8 27. Rf3
h6 28. Qe2 Ba7 29. Rd5 Rxg2 30. Qxg2 Rxg2 31. Kxg2 Qxc4 32. Rfd3 Qe4+ 33. Kh3
Kh7 34. Rd7 Kg6 35. Bc1 0-1

[Event "9. LGA Premium Cup 2012"]
[Site "Nürnberg"]
[Date "2012.09.08"]
[Round "5.78"]
[White "Wettermann, Bernd"]
[Black "Straschewski, Jörg"]
[Result "1-0"]
[WhiteElo "1741"]
[BlackElo "2008"]
[PlyCount "81"]
[EventDate "2012.??.??"]
[WhiteTeam "FC Konradsreuth"]
[BlackTeam "TSV Cadolzburg e.V."]

1. e4 e6 2. Qe2 c5 3. g3 Nc6 4. c3 g6 5. Bg2 Bg7 6. Nf3 Nge7 7. O-O d6 8. Na3
O-O 9. d3 Rb8 10. Be3 b6 11. d4 cxd4 12. cxd4 Bb7 13. Rfd1 Qd7 14. Bh3 d5 15.
e5 h6 16. g4 a6 17. Rac1 Rbc8 18. Rc3 Kh7 19. Bf1 Nb4 20. Rb3 a5 21. Qd2 Bc6
22. Ra1 Ba4 23. Rc3 Rxc3 24. bxc3 Nbc6 25. Rb1 Rb8 26. Nb5 Na7 27. Nd6 Nec8 28.
Nxc8 Qxc8 29. h4 Qc6 30. h5 g5 31. Bd3+ Kh8 32. Bxg5 hxg5 33. Qxg5 Qe8 34. h6
Qf8 35. Kg2 f6 36. hxg7+ Qxg7 37. Rh1+ Kg8 38. exf6 Qxg5 39. Nxg5 Be8 40. f7+
Bxf7 41. Nxf7 1-0

[Event "9. LGA Premium Cup 2012"]
[Site "Nürnberg"]
[Date "2012.09.08"]
[Round "5.79"]
[White "Balhar, Michael"]
[Black "Süß, Helmut"]
[Result "1/2-1/2"]
[WhiteElo "1750"]
[BlackElo "1995"]
[PlyCount "47"]
[EventDate "2012.??.??"]
[WhiteTeam "SC Erlangen 48/88 e.V."]
[BlackTeam "SC Noris-Tarrasch Nürnberg 1873"]

1. e4 c6 2. d4 d5 3. Nc3 dxe4 4. Nxe4 Bf5 5. Ng3 Bg6 6. Nf3 Nd7 7. h4 h6 8. h5
Bh7 9. Bd3 Bxd3 10. Qxd3 e6 11. Bd2 Ngf6 12. O-O-O Bd6 13. Ne4 Nxe4 14. Qxe4
Nf6 15. Qe2 Qc7 16. g3 O-O-O 17. c4 Qe7 18. Kb1 Rhe8 19. Ba5 Bc7 20. Bxc7 Qxc7
21. Ne5 Re7 22. Rd2 Nd7 23. Rhd1 Nxe5 24. dxe5 1/2-1/2

[Event "9. LGA Premium Cup 2012"]
[Site "Nürnberg"]
[Date "2012.09.08"]
[Round "5.80"]
[White "Reichel, Günther"]
[Black "Berger, Stefan"]
[Result "0-1"]
[WhiteElo "1730"]
[BlackElo "1988"]
[PlyCount "86"]
[EventDate "2012.??.??"]
[WhiteTeam "SC-SF 1957 Stockstadt"]
[BlackTeam "SUI"]

1. b3 Nf6 2. Bb2 g6 3. c4 Bg7 4. g3 O-O 5. Bg2 d6 6. Nc3 e5 7. d3 Nc6 8. Nf3
Re8 9. O-O Rb8 10. Rc1 Bg4 11. a3 Qd7 12. Re1 Bh3 13. Bh1 Nh5 14. Rc2 h6 15.
Nd5 Nd8 16. Qa1 c6 17. Ne3 f5 18. c5 e4 19. dxe4 fxe4 20. Nd4 d5 21. b4 Nf7 22.
Rd1 Qe7 23. b5 Ne5 24. Qa2 Kh7 25. Qb3 Bd7 26. a4 Rf8 27. Bc3 Bf6 28. Bg2 Bg5
29. Bd2 Bf6 30. Qb2 Ng7 31. Qc1 h5 32. Ba5 Bf5 33. Rb2 Bg5 34. Bd2 Bf6 35. Qb1
Qc7 36. Nexf5 gxf5 37. Bf4 Kg6 38. bxc6 bxc6 39. Rxb8 Rxb8 40. Qa2 Rb4 41. Nc2
Rc4 42. Be3 Ne6 43. Qa3 Rxc2 0-1

[Event "9. LGA Premium Cup 2012"]
[Site "Nürnberg"]
[Date "2012.09.08"]
[Round "5.82"]
[White "Willim, Michael"]
[Black "Nieke, Karl-Friedrich"]
[Result "1-0"]
[WhiteElo "2107"]
[BlackElo "1528"]
[PlyCount "67"]
[EventDate "2012.??.??"]
[WhiteTeam "SC Erlangen 48/88 e.V."]
[BlackTeam "SK Lauffen"]

1. c4 Nf6 2. g3 e6 3. Bg2 d5 4. Nf3 c6 5. b3 Bd6 6. Bb2 Nbd7 7. d3 O-O 8. Nbd2
Re8 9. O-O e5 10. cxd5 cxd5 11. e4 dxe4 12. dxe4 Bb8 13. Rc1 Nf8 14. Nc4 Qxd1
15. Rfxd1 Bg4 16. h3 Bh5 17. g4 Bg6 18. Nfxe5 Bxe5 19. Nxe5 Bxe4 20. f3 Ng6 21.
Nxg6 Bxg6 22. Rc7 h5 23. Bf1 hxg4 24. hxg4 Red8 25. Rxd8+ Rxd8 26. Bxf6 gxf6
27. Rxb7 Rd1 28. Kf2 Rd2+ 29. Ke3 Rxa2 30. Bc4 a5 31. Ra7 Ra1 32. f4 f5 33.
gxf5 Bh5 34. Kd4 1-0

[Event "9. LGA Premium Cup 2012"]
[Site "Nürnberg"]
[Date "2012.09.08"]
[Round "5.83"]
[White "Hirschinger, Thomas"]
[Black "Heinz, Friedrich"]
[Result "1-0"]
[WhiteElo "2083"]
[BlackElo "1838"]
[PlyCount "99"]
[EventDate "2012.??.??"]
[WhiteTeam "SK Landau"]
[BlackTeam "SV Alsfeld"]

1. e4 e5 2. Nf3 Nc6 3. Bb5 d6 4. c3 Bg4 5. d3 a6 6. Ba4 Nf6 7. Nbd2 Be7 8. h3
Bh5 9. Nf1 O-O 10. g4 Bg6 11. Ng3 b5 12. Bb3 Na5 13. Bc2 Nc6 14. a3 d5 15. Qe2
dxe4 16. dxe4 Qd6 17. Nh4 Qe6 18. Nhf5 Bc5 19. Bb1 Rad8 20. Bg5 Rd7 21. Ba2 Qe8
22. Rd1 Rxd1+ 23. Qxd1 Qd8 24. Qxd8 Rxd8 25. Bd5 Ne7 26. Bxf6 gxf6 27. Nxe7+
Bxe7 28. Ke2 Kf8 29. Rd1 Rd6 30. f3 c6 31. Bb3 Rxd1 32. Bxd1 h6 33. Kd3 Ke8 34.
a4 c5 35. Be2 Kd7 36. axb5 axb5 37. c4 b4 38. Bd1 Bd6 39. Ba4+ Ke7 40. Kc2 Kf8
41. Kb3 Be7 42. Bd7 Kg7 43. Ka4 Bh7 44. Kb5 Bf8 45. Kc6 Bg6 46. h4 Bh7 47. Nh5+
Kg8 48. Nxf6+ Kg7 49. Nh5+ Kg8 50. Kd5 1-0

[Event "9. LGA Premium Cup 2012"]
[Site "Nürnberg"]
[Date "2012.09.08"]
[Round "5.85"]
[White "Thürauf, Peter"]
[Black "Diener, Carolin Valeria"]
[Result "1/2-1/2"]
[WhiteElo "1876"]
[BlackElo "1710"]
[PlyCount "48"]
[EventDate "2012.??.??"]
[WhiteTeam "SW Nürnberg Süd e.V."]
[BlackTeam "Sfr.1891 Friedberg"]

1. d4 d5 2. Nf3 e6 3. c4 Nf6 4. Nc3 Be7 5. Bg5 O-O 6. e3 Nbd7 7. Rc1 b6 8. Bxf6
Nxf6 9. cxd5 exd5 10. Be2 Bb7 11. O-O Re8 12. Qc2 c6 13. a3 Bd6 14. Rfd1 Qc7
15. Nb5 Qb8 16. Nxd6 Qxd6 17. Bd3 h6 18. Bf5 Ne4 19. Bxe4 dxe4 20. Nd2 Qe6 21.
b4 Qd5 22. Qc4 Rac8 23. Rc3 Red8 24. Rdc1 Qf5 1/2-1/2

[Event "9. LGA Premium Cup 2012"]
[Site "Nürnberg"]
[Date "2012.09.08"]
[Round "5.86"]
[White "Siegl, Adrian"]
[Black "Weißbeck, Wolf-Dieter"]
[Result "1/2-1/2"]
[WhiteElo "1697"]
[BlackElo "1874"]
[PlyCount "113"]
[EventDate "2012.??.??"]
[WhiteTeam "SW Nürnberg Süd e.V."]
[BlackTeam "SV Alsfeld"]

1. e4 e6 2. d4 d5 3. Nd2 Nf6 4. e5 Nfd7 5. c3 c5 6. Bd3 Nc6 7. Ndf3 Qb6 8. Ne2
Be7 9. O-O c4 10. Bc2 Nf8 11. Rb1 Na5 12. Bg5 Qc7 13. Bxe7 Qxe7 14. Qd2 h6 15.
Qf4 Bd7 16. Ra1 a6 17. Rfb1 g5 18. Qf6 Qxf6 19. exf6 O-O-O 20. Ng3 Be8 21. b4
Nc6 22. b5 axb5 23. Rxb5 Nxd4 24. Nxd4 Bxb5 25. Nxb5 Kd7 26. Nd4 Kd6 27. Rb1
Rb8 28. a4 h5 29. a5 Nd7 30. Nf3 Nxf6 31. Nxg5 Ke7 32. Ba4 h4 33. Ne2 e5 34.
Re1 Ne4 35. Nxe4 dxe4 36. Rd1 Rhd8 37. Rxd8 Rxd8 38. g3 h3 39. Kf1 Rd5 40. Ng1
Rxa5 41. Bd1 Ra3 42. Ne2 f5 43. Ke1 b5 44. Kd2 Ra2+ 45. Bc2 Ra1 46. Nc1 Kf6 47.
g4 Ra7 48. gxf5 Kxf5 49. f3 Kf4 50. Bxe4 Rd7+ 51. Ke2 Rg7 52. Kd2 Rg2+ 53. Ne2+
Kg5 54. Ke3 Rxh2 55. f4+ exf4+ 56. Nxf4 Kh4 57. Ne2 1/2-1/2

[Event "9. LGA Premium Cup 2012"]
[Site "Nürnberg"]
[Date "2012.09.09"]
[Round "6.1"]
[White "Romanov, Evgeny"]
[Black "Baramidze, David"]
[Result "1/2-1/2"]
[WhiteElo "2590"]
[BlackElo "2606"]
[PlyCount "33"]
[EventDate "2012.??.??"]
[WhiteTeam "Sportfreunde Katernberg 1913 e.V"]
[BlackTeam "SV Hockenheim"]
[TimeControl "5400+1045"]

1. c4 e6 2. g3 Nf6 3. Bg2 d5 4. Nf3 dxc4 5. Qa4+ Nbd7 6. Qxc4 a6 7. Qb3 c5 8.
a4 Rb8 9. a5 b5 10. axb6 Nxb6 11. d3 Bd6 12. O-O O-O 13. Nbd2 Bb7 14. Nc4 Bd5
15. Qc2 Nxc4 16. dxc4 Be4 17. Qc3 1/2-1/2

[Event "9. LGA Premium Cup 2012"]
[Site "Nürnberg"]
[Date "2012.09.09"]
[Round "6.2"]
[White "Wagner, Dennis"]
[Black "Danin, Alexandre"]
[Result "1/2-1/2"]
[WhiteElo "2445"]
[BlackElo "2568"]
[PlyCount "35"]
[EventDate "2012.??.??"]
[WhiteTeam "SV Hockenheim"]
[BlackTeam "Schachclub Tornado Wuppertal 199"]
[TimeControl "6000+750"]

1. d4 d5 2. c4 c6 3. Nc3 Nf6 4. e3 g6 5. Nf3 Bg7 6. Be2 O-O 7. O-O dxc4 8. Bxc4
Bg4 9. h3 Bxf3 10. Qxf3 Nbd7 11. Rd1 e5 12. d5 e4 13. Nxe4 Nxe4 14. Qxe4 Nb6
15. d6 Re8 16. Qc2 Nxc4 17. Qxc4 Re6 18. d7 1/2-1/2

[Event "9. LGA Premium Cup 2012"]
[Site "Nürnberg"]
[Date "2012.09.09"]
[Round "6.3"]
[White "Epishin, Vladimir"]
[Black "Ikonnikov, Vyacheslav"]
[Result "1-0"]
[WhiteElo "2579"]
[BlackElo "2525"]
[PlyCount "115"]
[EventDate "2012.??.??"]
[WhiteTeam "Lübecker SV von 1873"]
[BlackTeam "SF Bad Mergentheim"]
[TimeControl "6000+720"]

1. d4 Nf6 2. c4 e6 3. Nf3 Bb4+ 4. Bd2 a5 5. g3 b6 6. Bg2 Bb7 7. O-O O-O 8. Bf4
Be7 9. Nc3 Ne4 10. Qc2 Nxc3 11. bxc3 Qc8 12. e4 d6 13. Rfe1 Nd7 14. Rad1 a4 15.
h4 Re8 16. Bh3 Bf8 17. d5 e5 18. Be3 Qd8 19. Kg2 Bc8 20. Rh1 Be7 21. Qe2 Nf6
22. Nd2 Bxh3+ 23. Rxh3 Qc8 24. Bg5 Nd7 25. Nf1 Nc5 26. Qf3 a3 27. Bxe7 Rxe7 28.
h5 Qf8 29. Ne3 f6 30. Rh4 Kf7 31. Qf5 Qg8 32. Rg4 g6 33. hxg6+ hxg6 34. Qf3 Rf8
35. Nf5 Ke8 36. Nxe7 Kxe7 37. Rh4 f5 38. exf5 Rxf5 39. Qe3 Nd7 40. Rdh1 Nf6 41.
Rf4 Kf7 42. Rf3 Qc8 43. Rxf5 Qxf5 44. Qf3 Ke7 45. Qxf5 gxf5 46. f3 e4 47. Rh4
b5 48. cxb5 Nxd5 49. fxe4 Nxc3 50. exf5 Kf6 51. Rb4 d5 52. g4 Nxa2 53. Rb3 d4
54. b6 cxb6 55. Rxb6+ Kf7 56. Rb3 Nc1 57. Rxa3 d3 58. Ra6 1-0

[Event "9. LGA Premium Cup 2012"]
[Site "Nürnberg"]
[Date "2012.09.09"]
[Round "6.4"]
[White "Svane, Rasmus"]
[Black "Nyzhnyk, Illya"]
[Result "0-1"]
[WhiteElo "2397"]
[BlackElo "2614"]
[PlyCount "32"]
[EventDate "2012.??.??"]
[WhiteTeam "Hamburger SK von 1830 eV"]
[BlackTeam "Schachgemeinschaft Porz e.V."]
[TimeControl "6000+1300"]

1. d4 Nf6 2. c4 g6 3. Nc3 Bg7 4. e4 d6 5. Nf3 O-O 6. Be2 e5 7. O-O Nc6 8. d5
Ne7 9. b4 c6 10. dxc6 Nxc6 11. Rb1 Be6 12. Be3 Rc8 13. Ng5 Nd4 14. Nxe6 fxe6
15. Bxd4 exd4 16. Qxd4 Nd5 0-1

[Event "9. LGA Premium Cup 2012"]
[Site "Nürnberg"]
[Date "2012.09.09"]
[Round "6.5"]
[White "Heimann, Andreas"]
[Black "Donchenko, Alexander"]
[Result "0-1"]
[WhiteElo "2490"]
[BlackElo "2395"]
[PlyCount "80"]
[EventDate "2012.??.??"]
[WhiteTeam "OSG Baden-Baden"]
[BlackTeam "SK 1858 Gießen"]
[TimeControl "5400+905"]

1. Nf3 d5 2. g3 Nf6 3. Bg2 g6 4. c4 c6 5. b3 Bg7 6. Bb2 O-O 7. O-O Nbd7 8. d4
Ne4 9. Nbd2 Ndf6 10. Nxe4 Nxe4 11. Nd2 Nf6 12. e3 Bf5 13. Qe2 Rc8 14. Rfc1 Qd6
15. a4 Rfe8 16. a5 a6 17. Ba3 Qb8 18. f4 Bg4 19. Qd3 Bf5 20. Qe2 Bg4 21. Qf2
Bf5 22. h3 h5 23. Rc3 Rc7 24. Rac1 Rcc8 25. Qe2 Bf8 26. Bc5 e5 27. cxd5 exd4
28. Bxd4 Nxd5 29. Bxd5 cxd5 30. Be5 Rxc3 31. Bxc3 Qa7 32. Qf2 Rxe3 33. Kh2 Bd3
34. Re1 Bc5 35. b4 Rxe1 36. Qxe1 Be3 37. Nf3 Be4 38. Ng5 Bf2 39. Qd1 Bxg3+ 40.
Kxg3 Qe3+ 0-1

[Event "9. LGA Premium Cup 2012"]
[Site "Nürnberg"]
[Date "2012.09.09"]
[Round "6.6"]
[White "Burg, Twan"]
[Black "Zude, Arno"]
[Result "0-1"]
[WhiteElo "2485"]
[BlackElo "2446"]
[PlyCount "116"]
[EventDate "2012.??.??"]
[WhiteTeam "Schachklub Turm Emsdetten e.V."]
[BlackTeam "SV 1920 Hofheim"]
[TimeControl "6000+860"]

1. e4 e5 2. Nf3 Nc6 3. Bc4 Bc5 4. O-O Nf6 5. d3 d6 6. c3 O-O 7. Nbd2 a6 8. Bb3
Ba7 9. Re1 Be6 10. Nf1 Qd7 11. Ng3 Kh8 12. h3 Ng8 13. Be3 Nge7 14. Bxa7 Rxa7
15. d4 exd4 16. cxd4 Bxb3 17. Qxb3 d5 18. e5 Nd8 19. Qe3 h6 20. Nd2 Nf5 21. Qa3
Ne7 22. f4 Kg8 23. Qd3 f5 24. e6 Qd6 25. Nf3 Rf6 26. Nh5 Rxe6 27. Rxe6 Qxe6 28.
Re1 Qf7 29. Ng3 Ndc6 30. Ne5 Nxe5 31. Rxe5 g6 32. Qa3 Nc6 33. Qc5 Ra8 34. Rxd5
Re8 35. h4 Qe6 36. Qc4 Na5 37. Qe2 Qxe2 38. Nxe2 Rxe2 39. Rxa5 Rxb2 40. h5 Rb5
41. Ra4 gxh5 42. Rc4 c6 43. a4 Rb2 44. d5 cxd5 45. Rd4 Ra2 46. Rxd5 Rxa4 47.
Rd8+ Kf7 48. Rd7+ Ke6 49. Rxb7 Kd5 50. Rb6 a5 51. g3 Ra2 52. Rxh6 a4 53. Rxh5
Ke4 54. g4 fxg4 55. f5 Kf3 56. f6 Ra1+ 57. Kh2 g3+ 58. Kh3 Rh1# 0-1

[Event "9. LGA Premium Cup 2012"]
[Site "Nürnberg"]
[Date "2012.09.09"]
[Round "6.7"]
[White "Zude, Erik"]
[Black "Pezerovic, Edin"]
[Result "1/2-1/2"]
[WhiteElo "2395"]
[BlackElo "2459"]
[PlyCount "160"]
[EventDate "2012.??.??"]
[WhiteTeam "SV 1920 Hofheim"]
[BlackTeam "Münchener SC 1836 e.V."]
[TimeControl "6000+810"]

1. d4 d5 2. c4 c6 3. Nf3 Nf6 4. Nc3 a6 5. a4 Bf5 6. g3 e6 7. Bg2 Bd6 8. O-O h6
9. b3 Nbd7 10. Bb2 a5 11. Nd2 O-O 12. Qc1 Re8 13. Re1 Bb4 14. Na2 Bd6 15. Nc3
Bb4 16. Rd1 Qe7 17. h3 c5 18. e4 dxe4 19. Ncxe4 cxd4 20. Bxd4 e5 21. Be3 Rac8
22. Nxf6+ Nxf6 23. g4 Bd3 24. g5 hxg5 25. Bxg5 e4 26. Nf1 Qe6 27. Ng3 Nh7 28.
Bd2 Bc5 29. Be3 Be7 30. Qc3 b6 31. Nh5 Bf6 32. Nxf6+ Nxf6 33. Rd2 Nh5 34. Rad1
Qf5 35. Rxd3 exd3 36. Qxd3 Qf6 37. Qd4 Rcd8 38. Bd5 Qxd4 39. Bxd4 Rd6 40. Be3
Red8 41. Kh2 Nf6 42. Bf4 Re6 43. Rd2 Nxd5 44. cxd5 Re7 45. Rd4 Rb7 46. Kg2 b5
47. Bd2 bxa4 48. bxa4 Rbd7 49. Bxa5 Rxd5 50. Rxd5 Rxd5 51. Bb6 Rd3 52. a5 Ra3
53. f3 f6 54. Kg3 Kf7 55. Kg2 Ke6 56. Kg3 Kf5 57. Bc7 Ra2 58. Bb6 Kg5 59. Bd8
Ra4 60. Bc7 Kh5 61. Bd8 f5 62. h4 Rd4 63. Bb6 Rxh4 64. a6 Ra4 65. a7 g5 66. Kg2
Ra2+ 67. Kg3 Kg6 68. Bd4 Kf7 69. Bb6 Kg6 70. Bd4 Kh5 71. Bb6 Ra3 72. Bc5 f4+
73. Kg2 Ra2+ 74. Kh3 Kg6 75. Kg4 Ra1 76. Bd4 Ra2 77. Bf2 Kh6 78. Bc5 Ra5 79.
Be7 Kg6 80. a8=Q Rxa8 1/2-1/2

[Event "9. LGA Premium Cup 2012"]
[Site "Nürnberg"]
[Date "2012.09.09"]
[Round "6.8"]
[White "Appel, Helmut"]
[Black "Renner, Christoph"]
[Result "0-1"]
[WhiteElo "2212"]
[BlackElo "2452"]
[PlyCount "62"]
[EventDate "2012.??.??"]
[WhiteTeam "TSV Kareth-Lappersdorf"]
[BlackTeam "FC Bayern München e.V."]
[TimeControl "6000+1140"]

1. e4 e5 2. Nf3 Nc6 3. Bc4 Bc5 4. Nc3 d6 5. Na4 Bg4 6. Nxc5 dxc5 7. d3 Qf6 8.
Bg5 Qd6 9. h3 Bh5 10. g4 Bg6 11. Nh4 f6 12. Be3 Nge7 13. Qd2 O-O-O 14. O-O-O
Kb8 15. f4 Rhf8 16. Rdf1 Bf7 17. Bxf7 Rxf7 18. fxe5 Nxe5 19. Qc3 b6 20. Rf2 Qe6
21. Kb1 N7c6 22. Rhf1 Rfd7 23. Nf5 Nxd3 24. cxd3 Rxd3 25. Nd4 R8xd4 26. Bxd4
Nb4 27. b3 Rxc3 28. Bxc3 Qxe4+ 29. Ka1 Nd5 30. Rf3 a5 31. Bd2 Qd4+ 0-1

[Event "9. LGA Premium Cup 2012"]
[Site "Nürnberg"]
[Date "2012.09.09"]
[Round "6.9"]
[White "Heimrath, Reiner"]
[Black "Hector, Jonny"]
[Result "0-1"]
[WhiteElo "2205"]
[BlackElo "2537"]
[PlyCount "80"]
[EventDate "2012.??.??"]
[WhiteTeam "SC Noris-Tarrasch Nürnberg 1873"]
[BlackTeam "Schachklub Turm Emsdetten e.V."]

1. e4 e5 2. Nf3 Nc6 3. d4 exd4 4. Nxd4 Qf6 5. Be3 Bc5 6. c3 Qg6 7. Nd2 Nge7 8.
h4 Bxd4 9. cxd4 d5 10. h5 Qe6 11. h6 g6 12. Qb3 O-O 13. Rh4 f5 14. e5 f4 15.
Rxf4 Rxf4 16. Bxf4 Nxd4 17. Qc3 Nec6 18. Nf3 Nxf3+ 19. Qxf3 Bd7 20. O-O-O d4
21. b3 Qe7 22. Kb2 Rf8 23. Qg3 Qf7 24. Bd2 Be6 25. f4 a5 26. Bd3 Ne7 27. Qg5 a4
28. g4 Bxb3 29. Rc1 Bxa2 30. Rxc7 Qb3+ 31. Ka1 Qxd3 32. Rxb7 Qxd2 33. Qxe7 Bf7
34. e6 Qe1+ 35. Kb2 Qxe6 36. Qc7 a3+ 37. Kxa3 Rc8 38. Qd7 Qa6+ 39. Kb4 Rc4+ 40.
Kb3 Qxb7+ 0-1

[Event "9. LGA Premium Cup 2012"]
[Site "Nürnberg"]
[Date "2012.09.09"]
[Round "6.10"]
[White "Braun, Arik"]
[Black "Mons, Leon"]
[Result "1-0"]
[WhiteElo "2557"]
[BlackElo "2338"]
[PlyCount "73"]
[EventDate "2012.??.??"]
[WhiteTeam "SC Eppingen"]
[BlackTeam "SC Forchheim e.V."]

1. d4 d5 2. c4 e6 3. Nc3 Be7 4. cxd5 exd5 5. Bf4 c6 6. e3 Bd6 7. Nge2 Ne7 8.
Bxd6 Qxd6 9. Nf4 O-O 10. h4 Be6 11. Bd3 Nd7 12. Qc2 h6 13. O-O a6 14. Rad1 Nf6
15. Na4 Rae8 16. b4 Bc8 17. Nc5 g5 18. Ne2 Ng4 19. g3 gxh4 20. e4 hxg3 21. e5
gxf2+ 22. Rxf2 Nxe5 23. dxe5 Qxe5 24. Qd2 Ng6 25. Qxh6 Qe3 26. Qxe3 Rxe3 27.
Rg2 b6 28. Na4 b5 29. Nc5 Kh8 30. Kf2 Rh3 31. Rg5 Re8 32. Bxg6 fxg6 33. Nf4 Rf8
34. Rd4 Ra3 35. Kg1 Kh7 36. Nxg6 Kh6 37. Rg2 1-0

[Event "9. LGA Premium Cup 2012"]
[Site "Nürnberg"]
[Date "2012.09.09"]
[Round "6.11"]
[White "Meinhardt, Maximilian"]
[Black "Milov, Leonid"]
[Result "1/2-1/2"]
[WhiteElo "2397"]
[BlackElo "2520"]
[PlyCount "117"]
[EventDate "2012.??.??"]
[WhiteTeam "SC 1934 Viernheim"]
[BlackTeam "SC Noris-Tarrasch Nürnberg 1873"]

1. e4 c5 2. Nc3 Nc6 3. g3 d6 4. Bg2 g6 5. d3 Bg7 6. f4 Nh6 7. Nf3 O-O 8. O-O f5
9. Kh1 Bd7 10. Be3 Rb8 11. Bg1 Nd4 12. e5 Nxf3 13. Qxf3 dxe5 14. Bxc5 b6 15.
Ba3 Nf7 16. Rfe1 Re8 17. fxe5 Bxe5 18. Rad1 Bg7 19. d4 Rc8 20. Qb7 Rc7 21. Qa6
Bc8 22. Qa4 Bb7 23. d5 Rd7 24. Kg1 a6 25. Qb3 b5 26. Bc5 Qc8 27. Bb6 Nd6 28.
Bf2 Nc4 29. Rd3 Nd6 30. Re6 Kf8 31. Ne2 Qc4 32. Bd4 Ne4 33. Bxe4 fxe4 34. Rxe4
Qxb3 35. axb3 Rxd5 36. Bxg7+ Kxg7 37. Rxd5 Bxd5 38. Re5 Bf7 39. Kf2 Rc8 40. Nd4
Kf6 41. Re2 e5 42. Nf3 Re8 43. Ke3 Be6 44. b4 Re7 45. Re1 Bf5 46. Re2 Rd7 47.
Rd2 Rxd2 48. Kxd2 Be4 49. Ne1 Kf5 50. Ke3 h5 51. h3 Bb7 52. Nd3 g5 53. Nf2 Bd5
54. Kd3 Bg2 55. Ke3 Bd5 56. Kd3 Bg2 57. Ke3 Bb7 58. Kd3 Bg2 59. Ke3 1/2-1/2

[Event "9. LGA Premium Cup 2012"]
[Site "Nürnberg"]
[Date "2012.09.09"]
[Round "6.12"]
[White "Ginsburg, Gennadi"]
[Black "Berchtenbreiter, Maximilian"]
[Result "0-1"]
[WhiteElo "2516"]
[BlackElo "2328"]
[PlyCount "82"]
[EventDate "2012.??.??"]
[WhiteTeam "SV 1920 Hofheim"]
[BlackTeam "SGem Pang/Rosenheim"]

1. e4 c5 2. Nf3 d6 3. d4 cxd4 4. Nxd4 Nf6 5. Nc3 a6 6. h3 e6 7. g4 d5 8. Bg2
Bb4 9. O-O Bxc3 10. bxc3 Nxe4 11. c4 O-O 12. cxd5 Nc3 13. Qd2 Nxd5 14. Ba3 Re8
15. Rfe1 Bd7 16. c4 Nb6 17. Qc3 Nc6 18. Nxc6 Bxc6 19. Bxc6 bxc6 20. Rab1 Rb8
21. Red1 Qc8 22. Bd6 Rb7 23. Qb3 c5 24. a4 a5 25. Qb5 Rd8 26. Bxc5 Rxd1+ 27.
Rxd1 Nd7 28. Qxa5 h5 29. Be3 hxg4 30. hxg4 Qxc4 31. Qd8+ Nf8 32. Qd4 Qb3 33. a5
Rd7 34. Qxd7 Nxd7 35. Rxd7 Qa4 36. Ra7 Qxg4+ 37. Kh2 f5 38. a6 f4 39. Bd4 e5
40. Bxe5 Qh5+ 41. Kg1 Qxe5 0-1

[Event "9. LGA Premium Cup 2012"]
[Site "Nürnberg"]
[Date "2012.09.09"]
[Round "6.13"]
[White "Breutigam, Martin"]
[Black "Kunin, Vitaly"]
[Result "0-1"]
[WhiteElo "2374"]
[BlackElo "2511"]
[PlyCount "64"]
[EventDate "2012.??.??"]
[WhiteTeam "SK Union Oldenburg"]
[BlackTeam "Freibauer Mörlenbach-Birkenau"]

1. Nf3 Nf6 2. c4 e6 3. g3 a6 4. Nc3 d5 5. cxd5 exd5 6. Bg2 Be7 7. O-O O-O 8. d4
Re8 9. Bf4 Nbd7 10. Ne5 c6 11. Qb3 Nxe5 12. dxe5 Nd7 13. Rad1 Bc5 14. Qc2 Ba7
15. Bxd5 cxd5 16. Nxd5 Bb8 17. Qc3 Nxe5 18. Rd2 Bh3 19. Rfd1 h6 20. Be3 b5 21.
Nb6 Qf6 22. Bd4 b4 23. Qb3 Qc6 24. f3 Ra7 25. Rc2 Qg6 26. Qa4 Rd8 27. Rc5 Nxf3+
28. exf3 Bxg3 29. Qc2 Rxd4 30. Rxd4 Be5+ 31. Rg4 Bd4+ 32. Kh1 Bxg4 0-1

[Event "9. LGA Premium Cup 2012"]
[Site "Nürnberg"]
[Date "2012.09.09"]
[Round "6.14"]
[White "Zelbel, Patrick"]
[Black "Farago, Ivan"]
[Result "1/2-1/2"]
[WhiteElo "2368"]
[BlackElo "2486"]
[PlyCount "33"]
[EventDate "2012.??.??"]
[WhiteTeam "Schachclub Hansa Dortmund e.V."]
[BlackTeam "SV Griesheim(DA)"]

1. e4 c5 2. Nf3 e6 3. c3 Nf6 4. e5 Nd5 5. d4 cxd4 6. cxd4 d6 7. Bc4 Nb6 8. Bd3
dxe5 9. dxe5 Na6 10. O-O Nc5 11. Bb5+ Bd7 12. Bg5 Be7 13. Bxe7 Qxe7 14. Nc3 Rd8
15. Qe2 O-O 16. Rfd1 a6 17. Bxd7 1/2-1/2

[Event "9. LGA Premium Cup 2012"]
[Site "Nürnberg"]
[Date "2012.09.09"]
[Round "6.15"]
[White "Richter, Christian"]
[Black "Hoffmann, Michael"]
[Result "1/2-1/2"]
[WhiteElo "2362"]
[BlackElo "2479"]
[PlyCount "32"]
[EventDate "2012.??.??"]
[WhiteTeam "Schachklub Turm Emsdetten e.V."]
[BlackTeam "Schachgesellschaft Solingen e.V."]

1. d4 Nf6 2. c4 e6 3. Nf3 d5 4. cxd5 exd5 5. Nc3 c6 6. Bg5 Be7 7. Qc2 g6 8. e3
Bf5 9. Bd3 Bxd3 10. Qxd3 Nbd7 11. O-O O-O 12. h3 Re8 13. Bf4 Nh5 14. Bh2 Ng7
15. Rab1 a5 16. a3 Nf5 1/2-1/2

[Event "9. LGA Premium Cup 2012"]
[Site "Nürnberg"]
[Date "2012.09.09"]
[Round "6.16"]
[White "Gutman, Lev"]
[Black "Szabo, Bence"]
[Result "0-1"]
[WhiteElo "2477"]
[BlackElo "2348"]
[PlyCount "60"]
[EventDate "2012.??.??"]
[WhiteTeam "SV Lingen"]
[BlackTeam "HUN"]

1. Nf3 Nf6 2. g3 d5 3. Bg2 Nbd7 4. d4 e6 5. O-O b5 6. c3 Bb7 7. a4 b4 8. a5 Ba6
9. Re1 bxc3 10. bxc3 Be7 11. Nbd2 O-O 12. e4 dxe4 13. Nxe4 Nxe4 14. Rxe4 Bb7
15. Re1 c5 16. Bf4 cxd4 17. Nxd4 Bxg2 18. Kxg2 Qc8 19. Qf3 Qc5 20. Rab1 Bf6 21.
Rb7 e5 22. Nb3 Qc4 23. Be3 e4 24. Qf5 Ne5 25. Bd4 Rae8 26. Rb4 Qc7 27. Qxe4 Qc8
28. Qd5 Nd3 29. Rxe8 Rxe8 30. Rb7 Nf4+ 0-1

[Event "9. LGA Premium Cup 2012"]
[Site "Nürnberg"]
[Date "2012.09.09"]
[Round "6.18"]
[White "Schuster, Karsten"]
[Black "Heinz, Axel"]
[Result "0-1"]
[WhiteElo "2266"]
[BlackElo "2456"]
[PlyCount "66"]
[EventDate "2012.??.??"]
[WhiteTeam "SC Gröbenzell"]
[BlackTeam "TSV Bindlach Aktionär-Schachabte"]

1. d4 Nf6 2. c4 e6 3. Nc3 Bb4 4. Qc2 O-O 5. a3 Bxc3+ 6. Qxc3 Ne4 7. Qc2 f5 8.
e3 b6 9. Ne2 Bb7 10. f3 Qh4+ 11. g3 Qe7 12. Bg2 Nf6 13. O-O c5 14. b3 Nc6 15.
Bb2 Rac8 16. Qd3 Ba6 17. dxc5 bxc5 18. Nc3 d5 19. Nb5 Rfd8 20. Qe2 Na5 21. Qc2
Bxb5 22. cxb5 c4 23. b4 Nb3 24. Rad1 Qb7 25. a4 a6 26. Bxf6 gxf6 27. Qc3 axb5
28. Qxf6 Qf7 29. Qe5 bxa4 30. e4 c3 31. exd5 c2 32. dxe6 Qa7+ 33. Kh1 cxd1=Q
0-1

[Event "9. LGA Premium Cup 2012"]
[Site "Nürnberg"]
[Date "2012.09.09"]
[Round "6.19"]
[White "Reis, Gerhard"]
[Black "Blübaum, Matthias"]
[Result "0-1"]
[WhiteElo "2215"]
[BlackElo "2433"]
[PlyCount "54"]
[EventDate "2012.??.??"]
[WhiteTeam "SW Nürnberg Süd e.V."]
[BlackTeam "SAbt SV Werder Bremen"]

1. Nf3 d5 2. d4 Nf6 3. c4 c6 4. Qc2 dxc4 5. Qxc4 Bf5 6. g3 e6 7. Bg2 Nbd7 8.
O-O Be7 9. e3 O-O 10. Qe2 Qa5 11. a3 e5 12. b4 Qc7 13. dxe5 Nxe5 14. Nxe5 Qxe5
15. Bb2 Qe6 16. Nc3 Bh3 17. Rfd1 Bxg2 18. Kxg2 Nd7 19. Rac1 Nb6 20. Nb1 Rfd8
21. Bd4 Rd7 22. b5 Rad8 23. bxc6 Rxd4 24. cxb7 Rxd1 25. Rxd1 Qc6+ 26. Qf3 Qxf3+
27. Kxf3 Rb8 0-1